<The> Small business handbook <a> comprehensive guide to starting and running your own business
Gespeichert in:
| 1. Verfasser: | |
|---|---|
| Format: | Buch |
| Sprache: | Englisch |
| Veröffentlicht: |
New York
A Fireside Book
1992
|
| Ausgabe: | rev. ed. |
| Schlagworte: | |
| Tags: |
Keine Tags, Fügen Sie das erste Tag hinzu!
|
MARC
| LEADER | 00000nam a2200000 4500 | ||
|---|---|---|---|
| 001 | c124413 | ||
| 005 | 20221123102358.1 | ||
| 020 | |a 0-671-76679-1 | ||
| 041 | 0 | |a eng | |
| 044 | |a US | ||
| 245 | 1 | 0 | |a <The> Small business handbook |b <a> comprehensive guide to starting and running your own business |c Irving Burstiner |
| 250 | |a rev. ed. | ||
| 264 | 1 | |a New York |b A Fireside Book |c 1992 | |
| 300 | |a 356 s. | ||
| 610 | 2 | 0 | |a obchod |
| 610 | 2 | 0 | |a podnikanie |
| 610 | 2 | 0 | |a podnikatelia |
| 610 | 2 | 0 | |a riadenie podnikové |
| 610 | 2 | 0 | |a marketing |
| 610 | 2 | 0 | |a spoločnosti obchodné |
| 610 | 2 | 0 | |a založenie podniku |
| 610 | 2 | 0 | |a podnikanie malé |
| 100 | 1 | |a Burstiner, Irving | |